书目信息 |
| 题名: |
中外美术史
|
|
| 作者: | 李昌菊 主编 | |
| 分册: | ||
| 出版信息: | 北京 中国水利水电出版社 2015.03 |
|
| 页数: | 230页 | |
| 开本: | 29cm | |
| 丛书名: | 双语教学系列教材 | |
| 单 册: | ||
| 中图分类: | J110.9 | |
| 科图分类: | ||
| 主题词: | 美术史--mei shu shi--世界--双语教学--教材 | |
| 电子资源: | ||
| ISBN: | 978-7-5170-3066-9 | |
| 000 | 01290nam 2200313 450 | |
| 001 | CAL 0120151554024 | |
| 005 | 20150623162619.79 | |
| 010 | @a978-7-5170-3066-9@dCNY58.00 | |
| 100 | @a20150430d2015 em y0chiy50 ea | |
| 101 | 0 | @achi |
| 102 | @aCN@b110000 | |
| 105 | @aa a 000yy | |
| 106 | @ar | |
| 200 | 1 | @a中外美术史@Azhong wai mei shu shi@d= Chinese and foreign art history@f主编李昌菊@zeng |
| 205 | @a第2版 | |
| 210 | @a北京@c中国水利水电出版社@d2015.03 | |
| 215 | @a230页@c彩图@d29cm | |
| 225 | 2 | @a双语教学系列教材@Ashuang yu jiao xue xi lie jiao cai |
| 320 | @a有书目 (第229-230页) | |
| 330 | @a本书分为中国美术史和外国美术史两大篇章, 其中中国美术史包括史前美术, 夏商周美术, 秦汉美术, 魏晋南北朝美术, 隋唐美术, 五代两宋美术, 元美术和明清美术 ; 外国美术史包括原始社会美术, 古代埃及和两河流域美术, 古希腊与古罗马美术, 中世纪美术, 文艺复兴时期欧洲美术, 17、18世纪欧洲美术, 19世纪欧洲美术和20世纪现代美术。 | |
| 333 | @a普通高等教育艺术设计类“十三五”规划教材 | |
| 410 | 0 | @12001 @a双语教学系列教材 |
| 510 | 1 | @aChinese and foreign art history@zeng |
| 586 | @a | |
| 606 | 0 | @a美术史@Amei shu shi@y世界@x双语教学@j教材 |
| 690 | @aJ110.9@v5 | |
| 701 | 0 | @a李昌菊@Ali chang ju@4主编 |
| 801 | 0 | @aCN@c20150820 |
| 905 | @a河南城建学院图书馆@dJ110.9@eL130@f2 | |
| 中外美术史= Chinese and foreign art history/主编李昌菊.-第2版.-北京:中国水利水电出版社,2015.03 |
| 230页:彩图;29cm.-(双语教学系列教材) |
| 使用对象:普通高等教育艺术设计类“十三五”规划教材 |
| ISBN 978-7-5170-3066-9:CNY58.00 |
| 本书分为中国美术史和外国美术史两大篇章, 其中中国美术史包括史前美术, 夏商周美术, 秦汉美术, 魏晋南北朝美术, 隋唐美术, 五代两宋美术, 元美术和明清美术 ; 外国美术史包括原始社会美术, 古代埃及和两河流域美术, 古希腊与古罗马美术, 中世纪美术, 文艺复兴时期欧洲美术, 17、18世纪欧洲美术, 19世纪欧洲美术和20世纪现代美术。 |
| ● |
| 相关链接 |
|
|
|
正题名:中外美术史
索取号:J110.9/L130
 
预约/预借
| 序号 | 登录号 | 条形码 | 馆藏地/架位号 | 状态 | 备注 |
| 1 | 1160962 | 211609623 | 社科库309/309社科库 65排2列6层/ [索取号:J110.9/L130] | 在馆 | |
| 2 | 1160963 | 211609632 | 社科库309/309社科库 65排2列6层/ [索取号:J110.9/L130] | 在馆 |